000 00855nas a2200277 4500
001 BR9703607
003 BR-BrBNA
005 20231205100319.0
007 ta
008 230509b bl.|||p| |||| 00| 00por d
040 _aBR-BrBNA
_bpor
_cBiblioteca Nacional de Agricultura
041 _a(Pt)
072 _aF40
100 1 _aArrigoni-Blank, M. de F.
100 1 _aCarvalho, D.A. de
100 1 _aBlank, A.F.
100 1 _aAlvarenga, A.A. de
100 1 _aVilela, E. de A.
245 1 _aComportamento fenologico da casaqueira (Campomanesia rufa (Berg)Nied.)durante o periodo de 1991-1992
650 _aGuabiroba
650 _aFenologia
650 _aCerrado
773 0 _tCiencia e Agrotecnologia (Brazil)
_xISSN 1413-7054
_g(Jul-Sep 1996), v. 20(3) p. 352-356
_wBR9703607
909 _a202311
_bLúcia
_c55
_dLúcia Elande
942 _2AGRIS
_n0
_cANA
999 _c155310
_d155310